Documentos del Vaticano II: Constituciones, Decretos, Declaraciones

Gardado en:
Detalles Bibliográficos
Formato: Libro
Idioma:Lingua castelá
Publicado: Madrid Biblioteca de Autores Cristianos 1967
Edición:35a. ed
Subjects:
Tags: Engadir etiqueta
Sen Etiquetas, Sexa o primeiro en etiquetar este rexistro!

MARC

LEADER 00000nam a2200000 a 4500
001 UCJ9011
003 CL-VaPUC
008 070126e19670000SP |||||||||||||||||spa|d
020 |a 8422000105 
082 0 4 |a 262.91  |b DOC  |2 21 
245 1 0 |a Documentos del Vaticano II: Constituciones, Decretos, Declaraciones 
250 |a 35a. ed 
300 |a 723 p 
942 |c BK 
945 |d 20070126 00:00:00  |a lvergara 
260 |a Madrid  |b Biblioteca de Autores Cristianos  |c 1967 
650 0 |a Documentos pontificios   |9 255642 
650 0 |a Vaticano  |9 437227 
583 |a last modification  |c 20070126 00:00:00  |k Rodrigo Vera 
999 |c 324654  |d 324652 
952 |0 0  |1 0  |4 0  |6 262_910000000000000_DOC_1967  |7 0  |8 A  |9 404931  |a BIBTEO  |b BIBTEO  |d 2019-11-22  |i 4215656  |o 262.91 DOC 1967  |p 4215656  |r 2025-01-17  |w 2019-11-22  |y BK  |k ICR 
952 |0 0  |1 0  |4 0  |6 262_910000000000000_DOC_1967  |7 0  |8 A  |9 404932  |a BIBTEO  |b BIBTEO  |d 2019-11-22  |i 4215664  |o 262.91 DOC 1967  |p 4215664  |r 2025-01-17  |w 2019-11-22  |y BK  |k ICR